[Event "POL-chT Ekstraliga"]
[Site "Chotowa"]
[Date "2025.06.07"]
[Round "6.4"]
[White "Nurkiewicz, Maciej"]
[Black "Chylewski, Patryk"]
[Result "0-1"]
[WhiteElo "2327"]
[BlackElo "2313"]
[PlyCount "98"]
[EventDate "2025.06.02"]
[EventType "team-tourn"]
[EventRounds "9"]
[EventCountry "POL"]
[SourceTitle "CB24_2025"]
[SourceDate "2025.06.11"]
[SourceVersion "1"]
[SourceVersionDate "2025.06.11"]
[SourceQuality "1"]
[WhiteTeam "Miedzyborow Wrzos"]
[BlackTeam "Chylice Laura"]
[WhiteTeamCountry "POL"]
[BlackTeamCountry "POL"]

1. d4 Nf6 2. c4 e6 3. Nf3 d5 4. Nc3 Bb4 5. cxd5 exd5 6. Qa4+ Nc6 7. Bg5 h6 8. Bxf6 Qxf6 9. e3 0-0 10. Be2 Rd8 11. 0-0 Bf8 12. Rfc1 a6 13. Qd1 Ne7 14. Na4 c6 15. Nc5 Nf5 16. a4 a5 17. Rab1 Bd6 18. b4 axb4 19. Rxb4 Ra7 20. Rcb1 Qe7 21. Qc2 g6 22. R4b2 Ng7 23. Nd3 Bf5 24. Ra1 Rda8 25. Rba2 Ne6 26. Qb3 g5 27. Nfe5 f6 28. Ng4 Kg7 29. h3 Qc7 30. f3 Qe7 31. Ngf2 Nf8 32. Nd1 Bc7 33. Qb4 Bd6 34. Qd2 Ng6 35. g4 Bd7 36. Ne1 Bc7 37. Bd3 Rh8 38. Bxg6 Kxg6 39. f4 h5 40. f5+ Kg7 41. Qg2 hxg4 42. hxg4 c5 43. Nf3 c4 44. Kf2 Ba5 45. Rc1 Bb4 46. Nc3 Bxc3 47. Rxc3 Rxa4 48. Rb2 b5 49. Nxg5 fxg5 0-1

[Event "POL-chT Ekstraliga"]
[Site "Chotowa"]
[Date "2025.06.03"]
[Round "2.5"]
[White "Hnydiuk, Aleksander"]
[Black "Chylewski, Patryk"]
[Result "1/2-1/2"]
[WhiteElo "2330"]
[BlackElo "2313"]
[PlyCount "70"]
[EventDate "2025.06.02"]
[EventType "team-tourn"]
[EventRounds "9"]
[EventCountry "POL"]
[SourceTitle "CB24_2025"]
[SourceDate "2025.06.11"]
[SourceVersion "1"]
[SourceVersionDate "2025.06.11"]
[SourceQuality "1"]
[WhiteTeam "Plock Hetman"]
[BlackTeam "Chylice Laura"]
[WhiteTeamCountry "POL"]
[BlackTeamCountry "POL"]

1. Nf3 Nf6 2. c4 c5 3. g3 d5 4. d4 dxc4 5. Qa4+ Qd7 6. Qxc4 cxd4 7. Qxd4 Nc6 8. Qxd7+ Bxd7 9. Bg2 e5 10. 0-0 h6 11. Nc3 Bb4 12. Rd1 Bxc3 13. bxc3 0-0-0 14. Bb2 Rhe8 15. c4 Bf5 16. Rxd8+ Kxd8 17. Nh4 Bg4 18. h3 Bc8 19. Bxc6 bxc6 20. Rd1+ Kc7 21. Nf3 Nd7 22. Ba3 Ba6 23. Bd6+ Kc8 24. Nd2 Re6 25. Ba3 Nb6 26. Ne4 Bxc4 27. Nd6+ Kc7 28. Nxf7 Bxe2 29. Rd2 Nc4 30. Rxe2 Nxa3 31. f4 e4 32. Ne5 Rd6 33. Rxe4 Nb5 34. Nc4 Rd7 35. Re6 Nd4 1/2-1/2

[Event "Katowice rapid op"]
[Site "Katowice"]
[Date "2025.05.31"]
[Round "11"]
[White "Chylewski, Patryk"]
[Black "Zawierucha, Aleksander"]
[Result "1-0"]
[WhiteElo "2174"]
[BlackElo "1963"]
[PlyCount "81"]
[EventDate "2025.05.31"]
[EventType "swiss"]
[EventRounds "11"]
[EventCountry "POL"]
[SourceTitle "CB24_2025"]
[SourceDate "2025.06.11"]
[SourceVersion "1"]
[SourceVersionDate "2025.06.11"]
[SourceQuality "1"]

1. d4 Nf6 2. c4 e5 3. dxe5 Ng4 4. e3 Nxe5 5. Nh3 d6 6. Nf4 Be7 7. Nc3 0-0 8. Be2 Be6 9. Nxe6 fxe6 10. f4 Nec6 11. 0-0 Nd7 12. e4 e5 13. g3 Nd4 14. Nd5 c6 15. Nc3 Qb6 16. Kg2 Nc5 17. f5 Rad8 18. Rb1 Qc7 19. Be3 Nxe2 20. Qxe2 b6 21. g4 h6 22. Qf2 Bg5 23. h4 Bxe3 24. Qxe3 Nd7 25. g5 hxg5 26. hxg5 Kf7 27. Rh1 Rh8 28. Qf3 Rdg8 29. Rh5 Rxh5 30. Qxh5+ Kf8 31. Rd1 Nc5 32. Qg6 Nb7 33. Qh5 Qf7 34. Qe2 Rh8 35. Rh1 Rxh1 36. Kxh1 Nc5 37. b3 Qe7 38. Qh5 Qf7 39. Qh4 Qe7 40. Qh8+ Kf7 41. g6+ 1-0

[Event "Titled Tuesday intern op 01st Apr Early"]
[Site "Chess.com INT"]
[Date "2025.04.01"]
[Round "4"]
[White "Chylewski, Patryk"]
[Black "Kjaergaard Jensen, Jesper"]
[Result "1-0"]
[WhiteElo "2317"]
[BlackElo "2081"]
[PlyCount "47"]
[EventDate "2025.04.01"]
[EventType "swiss (blitz)"]
[EventRounds "11"]
[EventCountry "USA"]
[SourceTitle "CB15_2025"]
[SourceDate "2025.04.09"]
[SourceVersion "1"]
[SourceVersionDate "2025.04.09"]
[SourceQuality "1"]

1. e4 Nf6 2. e5 Nd5 3. d4 d6 4. Nf3 Bg4 5. Be2 e6 6. 0-0 Be7 7. exd6 cxd6 8. c4 Nb6 9. b3 Bf6 10. Be3 d5 11. Nc3 Nc6 12. c5 Nd7 13. a3 Nxc5 14. b4 Nd7 15. Na4 0-0 16. Rc1 Nb6 17. Nc5 Qe7 18. h3 Bxf3 19. Bxf3 Nc4 20. Qd3 Nxe3 21. fxe3 b6 22. Nb3 Rac8 23. Qa6 Nb8 24. Qxc8 1-0

[Event "Titled Tuesday intern op 04th Feb Early"]
[Site "Chess.com INT"]
[Date "2025.02.04"]
[Round "1"]
[White "Calvo Gonzalez, Jose Felix"]
[Black "Chylewski, Patryk"]
[Result "0-1"]
[WhiteElo "2198"]
[BlackElo "2317"]
[PlyCount "58"]
[EventDate "2025.02.04"]
[EventType "swiss (blitz)"]
[EventRounds "11"]
[EventCountry "USA"]
[SourceTitle "CB07_2025"]
[SourceDate "2025.02.12"]
[SourceVersion "1"]
[SourceVersionDate "2025.02.12"]
[SourceQuality "1"]

1. e4 e5 2. Nf3 Nc6 3. Bc4 Nf6 4. Ng5 d5 5. exd5 b5 6. Bf1 Nxd5 7. Bxb5 Bd7 8. Nxf7 Kxf7 9. Qf3+ Ke6 10. Nc3 Nce7 11. Qg4+ Nf5 12. Bd3 g6 13. Nxd5 Kxd5 14. Be4+ Ke6 15. Bxa8 Qxa8 16. 0-0 Bc5 17. c3 Qd5 18. d4 exd4 19. cxd4 Qxd4 20. Bf4 Bc6 21. Rad1 Qxb2 22. Qg5 Kf7 23. Rd2 Qf6 24. Rfd1 Qxg5 25. Bxg5 Re8 26. g3 Bb6 27. Bf4 h5 28. Rc1 Bf3 29. Bxc7 Rc8 0-1

[Event "Titled Tuesday intern op 04th Feb Early"]
[Site "Chess.com INT"]
[Date "2025.02.04"]
[Round "4"]
[White "Nadanian, Ashot S"]
[Black "Chylewski, Patryk"]
[Result "1/2-1/2"]
[WhiteElo "2248"]
[BlackElo "2317"]
[PlyCount "118"]
[EventDate "2025.02.04"]
[EventType "swiss (blitz)"]
[EventRounds "11"]
[EventCountry "USA"]
[SourceTitle "CB07_2025"]
[SourceDate "2025.02.12"]
[SourceVersion "1"]
[SourceVersionDate "2025.02.12"]
[SourceQuality "1"]

1. e4 Nf6 2. e5 Nd5 3. Nf3 d6 4. d4 Nb6 5. c3 g6 6. Bf4 Bg7 7. Be2 0-0 8. 0-0 Nc6 9. Nbd2 dxe5 10. dxe5 Bf5 11. Nc4 Qxd1 12. Raxd1 Rfd8 13. h3 Be4 14. Nxb6 axb6 15. Ng5 Bc2 16. Rxd8+ Rxd8 17. Rc1 Bf5 18. Bc4 e6 19. Re1 Bd3 20. Bxd3 Rxd3 21. Kf1 Rd5 22. Nf3 Kf8 23. c4 Rd7 24. Ke2 Nd4+ 25. Nxd4 Rxd4 26. Ke3 Rxc4 27. Rd1 Rc5 28. Rd8+ Ke7 29. Bg5+ f6 30. exf6+ Bxf6 31. Bxf6+ Kxf6 32. Rb8 Rc2 33. Rxb7 Rxb2 34. Rxc7 Rxa2 35. Rxh7 b5 36. Rb7 Rb2 37. g4 g5 38. f3 b4 39. Ke4 b3 40. Kd3 Rf2 41. Ke3 Rb2 42. Kd3 Ke5 43. Kc3 Rf2 44. Kxb3 Rxf3+ 45. Kc4 Rxh3 46. Rf7 Rf3 47. Rxf3 Ke4 48. Rf1 e5 49. Re1+ Kf4 50. Kd3 Kxg4 51. Ke4 Kh3 52. Rg1 g4 53. Ke3 g3 54. Kf3 e4+ 55. Kxe4 Kh2 56. Re1 g2 57. Re2 Kh1 58. Re1+ g1Q 59. Rxg1+ Kxg1 1/2-1/2

[Event "Titled Tuesday intern op 21st Jan Late"]
[Site "Chess.com INT"]
[Date "2025.01.21"]
[Round "2"]
[White "Chylewski, Patryk"]
[Black "Boix Redorta, Roc"]
[Result "1-0"]
[WhiteElo "2312"]
[BlackElo "1987"]
[PlyCount "89"]
[EventDate "2025.01.21"]
[EventType "swiss (blitz)"]
[EventRounds "11"]
[EventCountry "USA"]
[SourceTitle "CB05_2025"]
[SourceDate "2025.01.29"]
[SourceVersion "1"]
[SourceVersionDate "2025.01.29"]
[SourceQuality "1"]

1. c4 e5 2. g3 h5 3. Nf3 e4 4. Nh4 c6 5. d3 exd3 6. Qxd3 Nf6 7. Nc3 Na6 8. Bg5 Bb4 9. Nf5 0-0 10. Bg2 Nc5 11. Qf3 Ne6 12. h4 d5 13. cxd5 cxd5 14. 0-0 Nxg5 15. hxg5 Bxc3 16. bxc3 Ne4 17. Nd4 Qxg5 18. Rfc1 Bg4 19. Qf4 Qxf4 20. gxf4 Bd7 21. c4 Bc6 22. Nf5 Rfe8 23. cxd5 Bxd5 24. Rc7 Kf8 25. Rd1 Bc6 26. e3 g6 27. Nd4 Nc3 28. Rd3 Bxg2 29. Rdxc3 Bd5 30. a3 h4 31. Nb5 Red8 32. Kh2 Bc6 33. Nd4 Bd5 34. Kh3 Kg7 35. Kxh4 Rh8+ 36. Kg3 Rae8 37. Rd7 Be4 38. Rcc7 Ref8 39. Ne6+ Kf6 40. Nxf8 Rxf8 41. f3 Bc6 42. Rd4 Ke6 43. e4 f5 44. e5 g5 45. Rd6# 1-0

[Event "Titled Tuesday intern op 14th Jan Early"]
[Site "Chess.com INT"]
[Date "2025.01.14"]
[Round "3"]
[White "Chylewski, Patryk"]
[Black "Gostev, Serghei"]
[Result "1-0"]
[WhiteElo "2312"]
[BlackElo "2262"]
[PlyCount "67"]
[EventDate "2025.01.14"]
[EventType "swiss (blitz)"]
[EventRounds "11"]
[EventCountry "USA"]
[SourceTitle "CB04_2025"]
[SourceDate "2025.01.22"]
[SourceVersion "1"]
[SourceVersionDate "2025.01.22"]
[SourceQuality "1"]

1. c4 e6 2. Nc3 d5 3. e3 Nf6 4. Nf3 Be7 5. b3 b6 6. Bb2 Bb7 7. Qc2 Nbd7 8. Be2 0-0 9. Rg1 c5 10. g4 Ne4 11. d3 Nxc3 12. Bxc3 Bf6 13. g5 Bxc3+ 14. Qxc3 Qe7 15. Ne5 Rad8 16. Ng4 e5 17. cxd5 Bxd5 18. 0-0-0 a5 19. f4 exf4 20. e4 Bc6 21. h4 a4 22. h5 Qxg5 23. Kb2 h6 24. e5 a3+ 25. Kxa3 Rde8 26. Nf6+ Qxf6 27. exf6 Rxe2 28. Rxg7+ Kh8 29. b4 Ra8+ 30. Kb3 Bd5+ 31. Qc4 Bxc4+ 32. dxc4 Raxa2 33. Rxd7 Rac2 34. Rd8+ 1-0

[Event "Titled Tuesday intern op 14th Jan Early"]
[Site "Chess.com INT"]
[Date "2025.01.14"]
[Round "1"]
[White "Chylewski, Patryk"]
[Black "Samborski, Henryk"]
[Result "1-0"]
[WhiteElo "2312"]
[BlackElo "2065"]
[PlyCount "87"]
[EventDate "2025.01.14"]
[EventType "swiss (blitz)"]
[EventRounds "11"]
[EventCountry "USA"]
[SourceTitle "CB04_2025"]
[SourceDate "2025.01.22"]
[SourceVersion "1"]
[SourceVersionDate "2025.01.22"]
[SourceQuality "1"]

1. b3 e5 2. Bb2 Nc6 3. e3 d5 4. Bb5 Bd6 5. c4 a6 6. Bxc6+ bxc6 7. Nf3 f6 8. d4 e4 9. Nfd2 Nh6 10. Nc3 Be6 11. Qc2 0-0 12. 0-0-0 a5 13. Na4 Rb8 14. h3 Nf7 15. g4 Bb4 16. f4 exf3 17. Nxf3 Qe7 18. c5 Ng5 19. Nxg5 fxg5 20. a3 Rf3 21. axb4 Rxb4 22. Rde1 Bf7 23. e4 Bg6 24. Nc3 dxe4 25. Nxe4 Rfxb3 26. Bc3 Rb1+ 27. Kd2 Rxe1 28. Rxe1 Rc4 29. Qd3 Ra4 30. Qe3 h6 31. Nf2 Ra2+ 32. Kc1 Qxe3+ 33. Rxe3 Rxf2 34. Bxa5 Rf7 35. Re6 Rd7 36. Rxg6 Rxd4 37. Rxc6 Rd3 38. Rxc7 Rxh3 39. c6 Rg3 40. Rc8+ Kh7 41. c7 Rxg4 42. Rh8+ Kg6 43. c8Q Rc4+ 44. Qxc4 1-0

[Event "Titled Tuesday intern op 14th Jan Early"]
[Site "Chess.com INT"]
[Date "2025.01.14"]
[Round "5"]
[White "Chylewski, Patryk"]
[Black "Tristan, Leonardo"]
[Result "0-1"]
[WhiteElo "2312"]
[BlackElo "2542"]
[PlyCount "52"]
[EventDate "2025.01.14"]
[EventType "swiss (blitz)"]
[EventRounds "11"]
[EventCountry "USA"]
[SourceTitle "CB04_2025"]
[SourceDate "2025.01.22"]
[SourceVersion "1"]
[SourceVersionDate "2025.01.22"]
[SourceQuality "1"]

1. d4 d5 2. Nf3 Nf6 3. c4 e6 4. Nc3 a6 5. cxd5 exd5 6. Bg5 Be6 7. e3 Nbd7 8. Bd3 Bd6 9. 0-0 c6 10. Bf4 Qc7 11. Bxd6 Qxd6 12. h3 h6 13. Rb1 g5 14. Nh2 Rg8 15. f4 gxf4 16. Rxf4 Bxh3 17. Bf1 Qe6 18. Qf3 Bg4 19. Qf2 h5 20. Kh1 Ne4 21. Nxe4 dxe4 22. b3 b5 23. Rc1 f5 24. Nxg4 hxg4 25. Rxf5 Qh6+ 26. Kg1 g3 0-1

[Event "Titled Tuesday intern op 07th Jan Early"]
[Site "Chess.com INT"]
[Date "2025.01.07"]
[Round "5"]
[White "Chylewski, Patryk"]
[Black "Luong, Phuong Hanh"]
[Result "1/2-1/2"]
[WhiteElo "2312"]
[BlackElo "2207"]
[PlyCount "126"]
[EventDate "2025.01.07"]
[EventType "swiss (blitz)"]
[EventRounds "11"]
[EventCountry "USA"]
[SourceTitle "CB03_2025"]
[SourceDate "2025.01.15"]
[SourceVersion "1"]
[SourceVersionDate "2025.01.15"]
[SourceQuality "1"]

1. b3 e5 2. Bb2 d6 3. e3 g6 4. d4 Bg7 5. dxe5 Nc6 6. Nf3 Nge7 7. Nbd2 dxe5 8. Nc4 Nd5 9. Ncxe5 0-0 10. Nxc6 bxc6 11. Bxg7 Kxg7 12. Qd4+ Kg8 13. 0-0-0 Qe7 14. h4 Bf5 15. Bd3 Bxd3 16. cxd3 Rfd8 17. h5 Nb4 18. Qh4 Qc5+ 19. Qc4 Qxc4+ 20. dxc4 Nd3+ 21. Kc2 Nxf2 22. Rxd8+ Rxd8 23. Rh4 f5 24. hxg6 hxg6 25. Ne5 Rd6 26. Rd4 Re6 27. Nd3 Ng4 28. Kd2 Nxe3 29. Nf4 Nf1+ 30. Kc3 Re3+ 31. Kb4 g5 32. Nh3 Rg3 33. Kc5 Rxg2 34. Kxc6 g4 35. Nf4 Rxa2 36. Kxc7 Ne3 37. c5 g3 38. c6 g2 39. Nxg2 Nxg2 40. Kd7 Rc2 41. c7 Rxc7+ 42. Kxc7 Kf7 43. Kd6 Kf6 44. Rd2 Ne3 45. Kc5 Ke5 46. Rd7 Ke4 47. Rxa7 f4 48. Re7+ Kd3 49. b4 Nf5 50. Rf7 Nd4 51. b5 Nxb5 52. Kxb5 Ke3 53. Kc4 f3 54. Re7+ Kd2 55. Rf7 Ke2 56. Re7+ Kd2 57. Ra7 f2 58. Ra2+ Ke1 59. Ra1+ Ke2 60. Ra2+ Ke1 61. Ra1+ Ke2 62. Kd4 f1Q 63. Rxf1 Kxf1 1/2-1/2

[Event "Titled Tuesday intern op 07th Jan Early"]
[Site "Chess.com INT"]
[Date "2025.01.07"]
[Round "2"]
[White "Chylewski, Patryk"]
[Black "Sonis, Francesco"]
[Result "0-1"]
[WhiteElo "2312"]
[BlackElo "2565"]
[PlyCount "92"]
[EventDate "2025.01.07"]
[EventType "swiss (blitz)"]
[EventRounds "11"]
[EventCountry "USA"]
[SourceTitle "CB03_2025"]
[SourceDate "2025.01.15"]
[SourceVersion "1"]
[SourceVersionDate "2025.01.15"]
[SourceQuality "1"]

1. c4 g6 2. Nc3 Bg7 3. g3 e6 4. Bg2 Ne7 5. d4 0-0 6. Nf3 a6 7. 0-0 b6 8. b3 Bb7 9. Bb2 d6 10. e4 Nd7 11. Re1 c5 12. Qd2 Nc6 13. dxc5 dxc5 14. Ne2 Nde5 15. Qxd8 Raxd8 16. Nxe5 Nxe5 17. Bxe5 Bxe5 18. Rad1 Bb2 19. f4 e5 20. Kf2 b5 21. fxe5 Bxe5 22. Nf4 Bc3 23. Rf1 Bd4+ 24. Ke2 Rfe8 25. Kd3 Bg1+ 26. Nd5 Bxh2 27. Rf3 f5 28. exf5 Bxd5 29. cxd5 Rxd5+ 30. Kc2 Re2+ 31. Kc1 Rxd1+ 32. Kxd1 Rxg2 33. fxg6 hxg6 34. Rf6 Kg7 35. Rxa6 Bxg3 36. Ra5 Bd6 37. Rxb5 Rxa2 38. Rb6 Be7 39. Rb7 Kf7 40. Kc1 g5 41. Kd1 g4 42. Ke1 Ke6 43. Kf1 Bf6 44. Rb6+ Kf5 45. Rb5 Bd4 46. b4 g3 0-1

[Event "Titled Tuesday intern op 26th Nov Late"]
[Site "Chess.com INT"]
[Date "2024.11.26"]
[Round "2"]
[White "Chylewski, Patryk"]
[Black "Makarian, Rudik"]
[Result "0-1"]
[WhiteElo "2315"]
[BlackElo "2547"]
[PlyCount "50"]
[EventDate "2024.11.26"]
[EventType "swiss (blitz)"]
[EventRounds "11"]
[EventCountry "USA"]
[SourceTitle "CB49_2024"]
[SourceDate "2024.12.04"]
[SourceVersion "1"]
[SourceVersionDate "2024.12.04"]
[SourceQuality "1"]

1. c4 e6 2. d4 d5 3. Nc3 Nf6 4. Bg5 dxc4 5. e3 a6 6. Bxc4 c5 7. dxc5 Qxd1+ 8. Rxd1 Bxc5 9. Ne4 Bb4+ 10. Ke2 Nbd7 11. Nd6+ Ke7 12. Nxc8+ Raxc8 13. Bd3 Ne5 14. Bb1 Nc4 15. b3 Na3 16. Bd3 Nb5 17. Bxb5 Rc2+ 18. Kf3 axb5 19. Ne2 e5 20. Ng3 Ke6 21. Bxf6 gxf6 22. a4 f5 23. Rhf1 Rg8 24. axb5 e4+ 25. Kf4 Rg4# 0-1

[Event "Titled Tuesday intern op 26th Nov Late"]
[Site "Chess.com INT"]
[Date "2024.11.26"]
[Round "4"]
[White "Chylewski, Patryk"]
[Black "Novak, Ratko"]
[Result "1-0"]
[WhiteElo "2315"]
[BlackElo "2035"]
[PlyCount "119"]
[EventDate "2024.11.26"]
[EventType "swiss (blitz)"]
[EventRounds "11"]
[EventCountry "USA"]
[SourceTitle "CB49_2024"]
[SourceDate "2024.12.04"]
[SourceVersion "1"]
[SourceVersionDate "2024.12.04"]
[SourceQuality "1"]

1. e4 d5 2. exd5 c6 3. dxc6 Nxc6 4. Bc4 e5 5. d3 Bc5 6. Nc3 Nf6 7. Bg5 Qb6 8. Bxf6 Bxf2+ 9. Kf1 Bxg1 10. Rxg1 gxf6 11. Nd5 Qd8 12. Qf3 Nd4 13. Nxf6+ Kf8 14. Qf2 Be6 15. Bxe6 Nxe6 16. Re1 Nf4 17. Ng4 Ng6 18. Nxe5 Qc7 19. Qf6 Rg8 20. Re3 Nxe5 21. Qxe5 Qxe5 22. Rxe5 Rc8 23. c3 f6 24. Re3 Kf7 25. Kf2 Rge8 26. Rge1 Rxe3 27. Rxe3 Rc5 28. d4 Ra5 29. a3 Rb5 30. b4 a5 31. c4 Rf5+ 32. Rf3 Rh5 33. h3 axb4 34. axb4 Rh4 35. Ke3 Ke6 36. Kd3 f5 37. Re3+ Kd6 38. Re8 Rh5 39. Rf8 Rg5 40. c5+ Kc6 41. Kc4 Rxg2 42. b5+ Kc7 43. Rf7+ Kc8 44. Rxh7 f4 45. Rf7 Rf2 46. Kd5 Kd8 47. Rxb7 Rh2 48. Rf7 Rxh3 49. Rxf4 Rh5+ 50. Ke6 Rh6+ 51. Rf6 Rh4 52. d5 Rb4 53. Kd6 Ke8 54. Re6+ Kd8 55. b6 Rb5 56. Rh6 Ke8 57. Rh8+ Kf7 58. b7 Kg7 59. b8Q Rxc5 60. Kxc5 1-0

[Event "Titled Tuesday intern op 26th Nov Late"]
[Site "Chess.com INT"]
[Date "2024.11.26"]
[Round "3"]
[White "Smieszek, Wojciech"]
[Black "Chylewski, Patryk"]
[Result "1-0"]
[WhiteElo "2141"]
[BlackElo "2315"]
[PlyCount "53"]
[EventDate "2024.11.26"]
[EventType "swiss (blitz)"]
[EventRounds "11"]
[EventCountry "USA"]
[SourceTitle "CB49_2024"]
[SourceDate "2024.12.04"]
[SourceVersion "1"]
[SourceVersionDate "2024.12.04"]
[SourceQuality "1"]

1. e4 c5 2. Nf3 d6 3. d4 cxd4 4. Nxd4 Nf6 5. Nc3 a6 6. Be3 e5 7. Nb3 Be6 8. Qd2 Nbd7 9. 0-0-0 Be7 10. f4 exf4 11. Bxf4 Ne5 12. Nd4 Qc7 13. Nxe6 fxe6 14. g4 Nfxg4 15. Rg1 g6 16. Bh3 Nc4 17. Qe2 h5 18. Bxg4 hxg4 19. Qxg4 Qb6 20. b3 Qb4 21. Qxg6+ Kd7 22. bxc4 Qxc3 23. Rd3 Qxc4 24. Rgd1 Rad8 25. Qg7 Rhe8 26. Rxd6+ Kc8 27. Qxe7 1-0

[Event "Figueira da Foz op 18th"]
[Site "Figueira da Foz"]
[Date "2024.11.12"]
[Round "3"]
[White "Prraneeth, Vuppala"]
[Black "Chylewski, Patryk"]
[Result "1-0"]
[WhiteElo "2459"]
[BlackElo "2315"]
[PlyCount "59"]
[EventDate "2024.11.10"]
[EventType "swiss"]
[EventRounds "9"]
[EventCountry "POR"]
[SourceTitle "CB47_2024"]
[SourceDate "2024.11.20"]
[SourceVersion "1"]
[SourceVersionDate "2024.11.20"]
[SourceQuality "1"]

1. d4 d5 2. c4 dxc4 3. Nf3 Nf6 4. e3 Bg4 5. Bxc4 e6 6. h3 Bh5 7. Nc3 c5 8. g4 Bg6 9. h4 cxd4 10. Nxd4 h6 11. Qf3 Qc7 12. Bb5+ Nfd7 13. Bd2 Bb4 14. h5 Bh7 15. 0-0 Bxc3 16. Bxc3 0-0 17. Rac1 Qb6 18. a4 a5 19. Rfd1 Nc5 20. b4 Ne4 21. bxa5 Qc5 22. Be1 Qg5 23. Bb4 Rd8 24. Nxe6 fxe6 25. Rxd8+ Qxd8 26. Be7 Ng5 27. Qxb7 Be4 28. Qxe4 Qd2 29. Rc8+ Kf7 30. Qf4+ 1-0

[Event "POL-chT 1st League"]
[Site "Darlowo"]
[Date "2024.09.14"]
[Round "1.3"]
[White "Kosakowski, Jakub"]
[Black "Chylewski, Patryk"]
[Result "1/2-1/2"]
[WhiteElo "2514"]
[BlackElo "2304"]
[PlyCount "88"]
[EventDate "2024.09.14"]
[EventType "team-swiss"]
[EventRounds "9"]
[EventCountry "POL"]
[SourceTitle "EXT 2025"]
[Source "ChessBase"]
[SourceDate "2024.10.14"]
[SourceVersion "1"]
[SourceVersionDate "2024.10.14"]
[SourceQuality "1"]

1. e4 e5 2. Nf3 Nc6 3. Bb5 Nf6 4. d3 Bc5 5. c3 0-0 6. 0-0 d5 7. Nbd2 dxe4 8. dxe4 Qe7 9. h3 a6 10. Bxc6 bxc6 11. Re1 a5 12. Nc4 Nd7 13. Be3 Bxe3 14. Rxe3 f6 15. Qa4 Qc5 16. Rd1 Re8 17. Red3 Nb6 18. Nxb6 Qxb6 19. Nh4 Be6 20. Nf5 Qb5 21. Qc2 g6 22. Nh6+ Kg7 23. Ng4 Re7 24. Qd2 Bxg4 25. hxg4 Qc4 26. g5 fxg5 27. Qxg5 Qe6 28. Qxe7+ Qxe7 29. Rd7 Kf6 30. Rxe7 Kxe7 31. a4 Rb8 32. Rd2 c5 33. Kh2 Rd8 34. Rxd8 Kxd8 35. Kg3 Ke7 36. b3 c4 37. bxc4 c5 38. Kg4 Kf6 39. g3 h6 40. Kh4 Ke6 41. Kg4 Kf6 42. Kh4 Ke6 43. g4 Kf7 44. g5 h5 1/2-1/2

[Event "Titled Tuesday intern op 03rd Sep Early"]
[Site "Chess.com INT"]
[Date "2024.09.03"]
[Round "5"]
[White "Chylewski, Patryk"]
[Black "Swara, Lakshmi S Nair"]
[Result "0-1"]
[WhiteElo "2304"]
[BlackElo "2018"]
[PlyCount "90"]
[EventDate "2024.09.03"]
[EventType "swiss (blitz)"]
[EventRounds "11"]
[EventCountry "USA"]
[SourceTitle "EXT 2025"]
[Source "ChessBase"]
[SourceDate "2024.10.14"]
[SourceVersion "1"]
[SourceVersionDate "2024.10.14"]
[SourceQuality "1"]

1. c4 Nf6 2. g3 g6 3. Bg2 d5 4. cxd5 Nxd5 5. Nc3 Nb6 6. h4 h5 7. d3 Bg7 8. Be3 Nc6 9. Qd2 0-0 10. Bh6 e5 11. Nf3 Be6 12. Bxg7 Kxg7 13. Ng5 Bf5 14. Rc1 Qd7 15. 0-0 Nc4 16. Qc2 Nd4 17. Qb1 Nd2 18. Qa1 Nxf1 19. Rxf1 c6 20. Qd1 f6 21. Nge4 Rad8 22. Nc5 Qc8 23. b4 Ne6 24. Nb3 Nd4 25. Nd2 Bh3 26. Nc4 Bxg2 27. Kxg2 Qe6 28. Ne4 Qe7 29. e3 Nb5 30. Qb3 Rd5 31. a4 Nc7 32. Nb2 Rfd8 33. Rc1 Ne6 34. b5 cxb5 35. axb5 R8d7 36. Ra1 Nc5 37. Nxc5 Qxc5 38. Qa4 b6 39. Qb3 Qxb5 40. Qc2 Qc5 41. Qb3 Qb5 42. Qc2 Rc5 43. Qe2 e4 44. Rd1 exd3 45. Nxd3 Rcd5 0-1

[Event "Titled Tuesday intern op 20th Aug Early"]
[Site "Chess.com INT"]
[Date "2024.08.20"]
[Round "3"]
[White "Chylewski, Patryk"]
[Black "Momunaliev, Ruslan"]
[Result "1-0"]
[WhiteElo "2304"]
[BlackElo "2023"]
[PlyCount "57"]
[EventDate "2024.08.20"]
[EventType "swiss (blitz)"]
[EventRounds "11"]
[EventCountry "USA"]
[SourceTitle "EXT 2025"]
[Source "ChessBase"]
[SourceDate "2024.10.14"]
[SourceVersion "1"]
[SourceVersionDate "2024.10.14"]
[SourceQuality "1"]

1. Nf3 f5 2. d3 d6 3. e4 e5 4. exf5 Bxf5 5. d4 e4 6. Nfd2 Nf6 7. Nc4 d5 8. Ne3 Be6 9. c4 c6 10. Nc3 Bd6 11. Qb3 Qc7 12. cxd5 Nxd5 13. Nexd5 cxd5 14. Nb5 Qb6 15. Nxd6+ Qxd6 16. Qxb7 0-0 17. Qxa8 Qb4+ 18. Bd2 Qxb2 19. Rc1 Qxd4 20. Be3 Qb4+ 21. Bd2 Qb6 22. Be3 Qb4+ 23. Kd1 d4 24. Qxe4 Qa4+ 25. Ke1 Re8 26. Qxd4 Qa5+ 27. Qd2 Qxa2 28. Qxa2 Bxa2 29. Bc4+ 1-0

[Event "Titled Tuesday intern op 20th Aug Early"]
[Site "Chess.com INT"]
[Date "2024.08.20"]
[Round "2"]
[White "Kuzmin, Ilya"]
[Black "Chylewski, Patryk"]
[Result "1-0"]
[WhiteElo "2113"]
[BlackElo "2304"]
[PlyCount "69"]
[EventDate "2024.08.20"]
[EventType "swiss (blitz)"]
[EventRounds "11"]
[EventCountry "USA"]
[SourceTitle "EXT 2025"]
[Source "ChessBase"]
[SourceDate "2024.10.14"]
[SourceVersion "1"]
[SourceVersionDate "2024.10.14"]
[SourceQuality "1"]

1. d4 Nf6 2. c4 b6 3. Nc3 Bb7 4. d5 e6 5. a3 d6 6. e4 Be7 7. g3 0-0 8. Bg2 c6 9. dxe6 fxe6 10. e5 dxe5 11. Qe2 Nbd7 12. Nf3 c5 13. 0-0 Qc7 14. Ng5 Bxg2 15. Kxg2 Qc6+ 16. f3 Rad8 17. Be3 h6 18. Nge4 Nxe4 19. Nxe4 Nf6 20. Nc3 e4 21. f4 Rd3 22. h3 Rfd8 23. Rf2 Rxe3 24. Qxe3 Rd3 25. Qe2 e3+ 26. Kh2 Qd7 27. Rg2 Qd4 28. Rd1 Rxd1 29. Nxd1 Ne4 30. Nxe3 Nd6 31. Qd2 Qe4 32. Ng4 Nxc4 33. Qe2 Qd5 34. Ne5 Bf6 35. Qxc4 1-0